000 00575nam a2200181 i 4500
001 87015
003 ES-MaACL
005 20230906175555.0
007 t|
008 041217s1952 sp ||||1| spa d
100 1 _aKoriakov, Mijail Mijailovich.
_968593
245 1 0 _aMoscú no cree en lágrimas /
_cMichel Mijailovich ; [traducción directa del francés por Matilde de Rafael].
250 _a[1ª ed.].
260 _aBarcelona :
_bAHR,
_c[1952] (
_fDiamante)
300 _a380 p. ;
_c19 cm.
700 1 _aRafael, Matilde de.
_994951
852 _aES-MaACL
_jD-9234
_bR.34014
999 _c87015
_d87015